Моделирование процесса смешивания и гранулирования сыпучих материалов с вязкой жидкостью (Запись № 10271561)
[ простой вид ]
| 000 -МАРКЕР | |
|---|---|
| контрольное поле | 02581nam0a2200421 i 4500 |
| 001 - ИДЕНТИФИКАТОР ЗАПИСИ | |
| контрольное поле | RU\NLR\BIBL_A\010534524 |
| 005 - ИДЕНТИФИКАТОР ВЕРСИИ | |
| контрольное поле | 20260407104830.0 |
| 010 ## - МЕЖДУНАРОДНЫЙ СТАНДАРТНЫЙ НОМЕР КНИГИ (ISBN) | |
| Номер (ISBN) | 9785991403740 |
| Тираж | 500 |
| 021 ## - НОМЕР ГОСУДАРСТВЕННОЙ РЕГИСТРАЦИИ | |
| Код страны | российская федерация |
| Номер | 2014-68709 |
| Номер Листа государственной регистраци | 4211 |
| 035 ## - ДРУГИЕ СИСТЕМНЫЕ НОМЕРА | |
| Идентификатор записи | (NILC)RuMoRGB-007549465 |
| 035 ## - ДРУГИЕ СИСТЕМНЫЕ НОМЕРА | |
| Идентификатор записи | (NLR Aleph) 010534524 |
| 100 ## - ДАННЫЕ ОБЩЕЙ ОБРАБОТКИ | |
| Данные общей обработки | 20141119d2014 k y0rusy50 ca |
| 101 0# - ЯЗЫК РЕСУРСА | |
| Язык текста, звукозаписи и т.д. | русский |
| 102 ## - СТРАНА ПУБЛИКАЦИИ ИЛИ ПРОИЗВОДСТВА | |
| Страна публикации | российская федерация |
| 105 ## - ПОЛЕ КОДИРОВАННЫХ ДАННЫХ: ТЕКСТОВЫЕ МАТЕРИАЛЫ, МОНОГРАФИЧЕСКИЕ | |
| Кодированные данные о монографическом текстовом документе | a|||z|||001yy |
| 200 1# - ЗАГЛАВИЕ И СВЕДЕНИЯ ОБ ОТВЕТСТВЕННОСТИ | |
| Основное заглавие | Моделирование процесса смешивания и гранулирования сыпучих материалов с вязкой жидкостью |
| Сведения, относящиеся к заглавию | монография |
| Первые сведения об ответственности | [А.И. Зайцев, А.Е. Лебедев, А.Б. Капранова и др.] |
| Последующие сведения об ответственности | М-во образования и науки Рос. Федерации, Федер. гос. бюджет. образоват. учреждение высш. проф. образования "Яросл. гос. техн. ун-т" |
| 210 ## - ПУБЛИКАЦИЯ, РАСПРОСТРАНЕНИЕ И ДР. | |
| Место издания, распространения и т.д. | Ярославль |
| Имя издателя, распространителя и т. д. | Ярославский государственный технический университет |
| Дата издания, распространения и т.д. | 2014 |
| 215 ## - ФИЗИЧЕСКАЯ ХАРАКТЕРИСТИКА | |
| Специфическое обозначение материала и объем | 99 с. |
| Другие сведения о физической характеристике | ил. |
| Размеры | 20 |
| 300 ## - ОБЩИЕ ПРИМЕЧАНИЯ | |
| Текст примечания | Авт. указаны в вып. дан. |
| 313 ## - ПРИМЕЧАНИЯ, ОТНОСЯЩИЕСЯ К ТЕМАТИЧЕСКОМУ ДОСТУПУ | |
| Текст примечания | Диспергирование битумов в пр-ве асфальтобетона |
| 320 ## - ПРИМЕЧАНИЯ О НАЛИЧИИ В ДОКУМЕНТЕ БИБЛИОГРАФИИ / УКАЗАТЕЛЯ | |
| Текст примечания | Библиогр.: с. 93-99 (82 назв.) |
| 606 1# - НАИМЕНОВАНИЕ ТЕМЫ КАК ПРЕДМЕТ | |
| Наименование темы | Битумы |
| Тематический подзаголовок | Диспергирование |
| Системный номер авторитетной/нормативной записи | 2271132 |
| Идентификатор авторитетной/нормативной записи | RU\NLR\AUTH\6601590229 |
| 606 1# - НАИМЕНОВАНИЕ ТЕМЫ КАК ПРЕДМЕТ | |
| Наименование темы | Сыпучие материалы |
| Тематический подзаголовок | Смешивание |
| Системный номер авторитетной/нормативной записи | 2426216 |
| Идентификатор авторитетной/нормативной записи | RU\NLR\AUTH\661444464 |
| 606 1# - НАИМЕНОВАНИЕ ТЕМЫ КАК ПРЕДМЕТ | |
| Наименование темы | Сыпучие материалы гранулированные |
| Тематический подзаголовок | Производство |
| Системный номер авторитетной/нормативной записи | 2140245 |
| Идентификатор авторитетной/нормативной записи | RU\NLR\AUTH\661594569 |
| 606 1# - НАИМЕНОВАНИЕ ТЕМЫ КАК ПРЕДМЕТ | |
| Наименование темы | Асфальтобетон |
| Тематический подзаголовок | Производство |
| Системный номер авторитетной/нормативной записи | 2104286 |
| Идентификатор авторитетной/нормативной записи | RU\NLR\AUTH\661272301 |
| 686 1# - ИНДЕКСЫ ДРУГИХ КЛАССИФИКАЦИЙ | |
| Индекс | Н373.100.8 |
| 686 1# - ИНДЕКСЫ ДРУГИХ КЛАССИФИКАЦИЙ | |
| Индекс | Л111.33 |
| 701 #1 - ИМЯ ЛИЦА - АЛЬТЕРНАТИВНАЯ ОТВЕТСТВЕННОСТЬ | |
| Материалы, к которым относится поле | rus |
| Графика поля | Кириллица |
| Начальный элемент ввода | Зайцев |
| Часть имени, кроме начального элемента ввода | А. И. |
| Дополнения к именам, кроме дат | д-р техн. наук, теорет. механика |
| Расширение инициалов личного имени | Анатолий Иванович |
| Идентификатор авторитетной/нормативной записи | RU\NLR\AUTH\7754682 |
| Системный номер авторитетной/нормативной записи | 37614 |
| 701 #1 - ИМЯ ЛИЦА - АЛЬТЕРНАТИВНАЯ ОТВЕТСТВЕННОСТЬ | |
| Начальный элемент ввода | Лебедев |
| Часть имени, кроме начального элемента ввода | А. Е. |
| Дополнения к именам, кроме дат | д-р техн. наук |
| Расширение инициалов личного имени | Антон Евгеньевич |
| Системный номер авторитетной/нормативной записи | 131526 |
| Идентификатор авторитетной/нормативной записи | RU\NLR\AUTH\770131560 |
| 701 #1 - ИМЯ ЛИЦА - АЛЬТЕРНАТИВНАЯ ОТВЕТСТВЕННОСТЬ | |
| Материалы, к которым относится поле | rus |
| Графика поля | Кириллица |
| Начальный элемент ввода | Капранова |
| Часть имени, кроме начального элемента ввода | А. Б. |
| Расширение инициалов личного имени | Анна Борисовна |
| Идентификатор авторитетной/нормативной записи | RU\NLR\AUTH\7783762 |
| Системный номер авторитетной/нормативной записи | 66690 |
| 712 02 - НАИМЕНОВАНИЕ ОРГАНИЗАЦИИ - ВТОРИЧНАЯ ОТВЕТСТВЕННОСТЬ | |
| Код отношения | Прочие |
| Начальный элемент ввода | Ярославский государственный технический университет |
| Идентификатор авторитетной/нормативной записи | RU\NLR\AUTH\889935890 |
| Системный номер авторитетной/нормативной записи | 366641 |
| 801 #0 - ИСТОЧНИК ЗАПИСИ | |
| Страна | российская федерация |
| Организация | РГБ |
| Дата составления | 20140909 |
| Правила каталогизации | RCR |
| 801 #1 - ИСТОЧНИК ЗАПИСИ | |
| Страна | российская федерация |
| Организация | РГБ |
| Дата составления | 20140909 |
| Источник данных | rusmarc |
| 942 ## - ДОПОЛНИТЕЛЬНЫЕ ЭЛЕМЕНТЫ ЗАПИСИ (АБИС) | |
| Тип экземпляра АБИС | Книга |
| 980 ## - КОЛЛЕКЦИЯ | |
| Название коллекции | НБР |
Нет доступных экземпляров.